000 00591nam a2200229Ia 4500
003 OSt
005 20220924113204.0
006 a|||||r|||| 00| 0
007 ta
008 220923b |||||||| |||| 00| 0 eng d
024 _a267116
037 _cDictionary
040 _aARTS
_cARTS
_beng
041 _2eng
_aeng
082 _aP142:4k, 111J8
245 0 _aRussian - English dictionary
260 _aMoscow
_bState Publishing House
_c1958
300 _a951p.
_ccm.
650 _aLINGUISTICS
942 _hP142:4k, 111J8
_cdic
_2cc
999 _c389493
_d389493